LEADER 01172cam0-22003611i-450- 001 990004003010403321 005 20040401084705.0 010 $a88-464-4136-2 035 $a000400301 035 $aFED01000400301 035 $a(Aleph)000400301FED01 035 $a000400301 100 $a20040225d2002----km-y0itay50------ba 101 0 $aita 102 $aIT 105 $a--------001cy 200 1 $aMigrazioni, mercato del lavoro e sviluppo economico$esessione del Convegno Internazionale Migrazioni, Scenari per il 21. secolo, Milano, 23-24 novembre 2000$fComune di Milano 210 $aMilano$cFranco Angeli$dİ2002 215 $a279 p.$ctab., fig.$d23 cm 225 1 $aPolitiche e servizi sociali$v147 610 0 $aLavoratori stranieri$aItalia 610 0 $aImmigrati$aItalia$aMercato del lavoro 676 $a331.620945$v21$zita 712 02$aMilano 801 0$aIT$bUNINA$gRICA$2UNIMARC 901 $aBK 912 $a990004003010403321 952 $a331.620945 MIL 1$b1794$fBFS 952 $aCollez. 915 (147)$b39996$fFSPBC 959 $aBFS 959 $aFSPBC 996 $aMigrazioni, mercato del lavoro e sviluppo economico$9472311 997 $aUNINA LEADER 00909nam0-22003251i-450- 001 990001116410403321 010 $a3-211-82477-4 035 $a000111641 035 $aFED01000111641 035 $a(Aleph)000111641FED01 035 $a000111641 100 $a20000920d1992----km-y0itay50------ba 101 0 $aeng 200 1 $aGlobal Position Systems$eTheory and Practice$fBernard Hofmann-Wellenhof, Herbert Lichtenegger, James Collins 205 $a2nd ed. 210 $aBerlin$cSpringer-Verlag$d1992 610 0 $aGeofisica 610 0 $aTerra 676 $a52 700 1$aHofmann-Wellenhof,$bBernard$0348182 702 1$aCollins,$bJames 702 1$aLichtenegger,$bHerbert 801 0$aIT$bUNINA$gRICA$2UNIMARC 901 $aBK 912 $a990001116410403321 952 $a19A-096$b19286$fFI1 959 $aFI1 996 $aGlobal Position Systems$9337444 997 $aUNINA DB $aING01